[Event "Catalunya-ch"]
[Site "Vila Seca"]
[Date "2019.04.19"]
[Round "2"]
[White "Ruperez, Miguel Angel"]
[Black "Diaz Camallonga, Carles"]
[Result "1/2-1/2"]
[WhiteElo "2168"]
[BlackElo "2432"]
[PlyCount "63"]
[EventDate "2019.04.18"]
[EventType "swiss"]
[EventRounds "8"]
[EventCountry "ESP"]
[SourceTitle "CBM 189 Extra"]
[Source "ChessBase"]
[SourceDate "2019.06.03"]
[SourceVersion "1"]
[SourceVersionDate "2019.06.03"]
[SourceQuality "1"]

1. Nf3 Nf6 2. g3 d5 3. Bg2 e6 4. b3 b5 5. 0-0 Be7 6. Bb2 Bb7 7. d3 b4 8. Nbd2 c5 9. e4 Nc6 10. exd5 exd5 11. Re1 0-0 12. Ne5 Nxe5 13. Rxe5 Nd7 14. Rf5 Bf6 15. Bxf6 Nxf6 16. a3 a5 17. axb4 cxb4 18. Nf3 Re8 19. Qd2 Rc8 20. Nd4 Rc5 21. Re1 Rxe1+ 22. Qxe1 Rc7 23. Re5 Kf8 24. h3 h6 25. Qe3 Rc8 26. g4 Qd7 27. f4 Re8 28. g5 hxg5 29. fxg5 Rxe5 30. Qxe5 Ne8 31. g6 Qd6 32. Qxd6+ 1/2-1/2